000 00662nam a2200253Ia 4500
003 OSt
005 20220918165728.0
006 a|||||r|||| 00| 0
007 ta
008 220917b |||||||| |||| 00| 0 eng d
020 _a8170541093 (hbk)
024 _a194,057
037 _cTextual
040 _aARTS
_cARTS
_beng
041 _2eng
_aeng
082 _azG, N0
100 _aSinha S N
_925296
245 0 _aGandhian philosophy of sarvodaya
260 _aDelhi
_bClassical pub.
_c1990
300 _axiv, 176p.
_ccm.
650 _aGANDHI, MAHATAMA; GENERALIA
_925297
942 _hzG, N0
_cTEXL
_2CC
999 _c130860
_d130860